000 00695cam a22002413a 4500
001 22434
003 PGUSA
005 20140828083457.0
008 070801s2007||||xxu|||||s|||||000 1 eng d
040 _aPGUSA
_beng
042 _adc
050 4 _aPZ
100 1 _aBailey, Arthur Scott,
_d1877-1949
245 1 4 _aThe Tale of Timothy Turtle
_h[electronic resource] /
_cArthur Scott Bailey
260 _bProject Gutenberg,
_c2007
506 _aPublic domain in the USA.
516 _aElectronic text
653 _aTurtles -- Juvenile fiction
653 _aAnimals -- Juvenile fiction
830 0 _aProject Gutenberg
_v22434
856 4 0 _uhttp://www.gutenberg.org/ebooks/22434
942 _cEB
999 _c251689
_d251689